I ribelli /

সংরক্ষণ করুন:
গ্রন্থ-পঞ্জীর বিবরন
প্রধান লেখক: Márai, Sándor (লেখক)
বিন্যাস: গ্রন্থ
প্রকাশিত: Adelphi, 2001
সংস্করন:seconda edizione
মালা:Biblioteca Adelphi ; 418
ট্যাগগুলো: ট্যাগ যুক্ত করুন
কোনো ট্যাগ নেই, প্রথমজন হিসাবে ট্যাগ করুন!

MARC

LEADER 00000nam a22000007i 4500
001 CDOM0000004006
003 mi
005 20250918172954.0
008 011122s2001 it |||||| ||||| |||||c
020 |a 884591609X 
040 |c mi 
100 |a Márai, Sándor  |0 IT\ICCU\IEIV\030948  |4 aut 
240 |a A zendülők.  |9 Márai, Sándor 
245 |a I ribelli /  |c Sàndor Màrai ; a cura di Marinella D'Alessandro. 
250 |a seconda edizione 
260 |b Adelphi,  |c 2001 
300 |c 22 cm. 
830 |a Biblioteca Adelphi ;  |v 418  |0 IT\ICCU\CFI\0014578 
942 |2 ddc  |c BK  |n 0 
952 |0 0  |1 0  |2 ddc  |4 0  |7 0  |9 7153  |a MI  |b MI  |d 2009-11-02  |i 5738  |l 0  |p CDOM5738  |r 2025-07-13 16:28:00  |w 2025-07-13  |x DONO  |y BK 
999 |c 5850  |d 5850